Consideraciones acerca de la aplicación del plan de acción mundial sobre población (Registro nro. 26701)

Detalles MARC
000 -LEADER
fixed length control field 00382 a2200109 4500
001 - CONTROL NUMBER
control field ART_13350
005 - DATE AND TIME OF LATEST TRANSACTION
control field 20260410161910.0
008 - FIXED-LENGTH DATA ELEMENTS--GENERAL INFORMATION
fixed length control field 260409a
100 1# - MAIN ENTRY--PERSONAL NAME
Personal name Urquidi, Víctor L.
245 10 - TITLE STATEMENT
Title Consideraciones acerca de la aplicación del plan de acción mundial sobre población
773 0# - HOST ITEM ENTRY
Title Demografía y economía
Related parts - Vol. X, Nº 28 (ene./abr. 1976)
Record control number REV13200

No hay ítems disponibles.